Statistics for Top 10 Expensive Cities for Business Travelers

Click here to take the quiz!

General Stats

  • This quiz has been taken 265 times
  • The average score is 7 of 14

Answer Stats

Answer% Correct
New York
93%
Los Angeles
78%
Paris
76%
United States
74%
France
63%
San Francisco
61%
Washington
47%
Zurich
47%
Geneva
44%
Bern
43%
Switzerland
42%
Basel
27%
Reykjavik
18%
Iceland
16%

Score Distribution

Percentile by Number Answered

Percent of People with Each Score

Your Score History

You have not taken this quiz